00444nam a2200121 i 4500001000300000245013200003260001700135040000800152041000800160080001500168008004100183856009800224bg 6aSixth European Conference on Soil Mechanics and Foundation Engineering :bproceeding, Vienna, 22nd to 24th March 1976. Vol.1/1. aWien,c1976. cBPK apol a624.1(061) s pl f |000 0 pol  uhttp://koha.tu.koszalin.pl/cgi-bin/koha/opac-detail.pl?biblionumber=47185yKatalog online BPK